000 00928nmm a2200277 a 4500
001 ocm000701714
003 TR-IsHL
005 20201028125422.0
008 110704s2009 tu tur
007 cr cn
035 _a701714
_b(N$T)
050 0 4 _aHF328.T9
_bİ88 2009
090 0 4 _aHF328.T9
_bİ88 2009
245 1 0 _aİstanbul Ticaret Odası yayın broşürü 2008 - 2009
_h[electronic resource]
250 _a1 bs.
260 _aİstanbul :
_bİstanbul Ticaret Odası,
_c2009
300 _a48 p.
650 4 _aGenel Çalışmalar
650 4 _aGeneral Works
650 0 _aİstanbul Ticaret Odası
_x Tarihi
650 0 _aIstanbul Chamber of Commerce
_x History
650 0 _aYayın kataloğu
650 0 _aPublishing catalog
650 7 _aBUSINESS & ECONOMICS / Corporate & Business History
_2bisacsh
856 4 0 _uhttp://search.ebscohost.com/login.aspx?direct=true&scope=site&db=e011xww&AN=701714
999 _c3471
_d3471